000 00540nam a2200181Ia 4500
008 100920s9999 xx 000 0 und d
082 _b59433
_a891.461 थ 90
100 _aText1
245 _aअंतरीचे दिवे.
260 _bज्ञानेश प्रकाशन, नागपूर.
_c1990
300 _a60
_bसाधी
365 _b20
520 _aपदय.
630 _aअंतरीचे दिवे.
650 _aपदय.
730 _aअंतरीचे दिवे.
942 _cBOOK
999 _c702855
_d702852